| 000 | 00866nam a2200253 a 4500 | ||
|---|---|---|---|
| 001 | BRCA_3526 | ||
| 005 | 20190320204324.0 | ||
| 008 | 260709s1824----enka---###---#000-0#eng-# | ||
| 041 | _aeng | ||
| 044 | _aenk | ||
| 050 | 4 |
_aF1211 _b.H86s 1824 |
|
| 100 | 1 |
_aHumboldt, Alexander, Freiherr von _d1769-1859. _99159 |
|
| 245 | 1 | 0 |
_aSelections from the works of the Baron de Humboldt, relating to the climate, inhabitants, productions, and mines of México _cA. von Humboldt ; with notes by John Taylor. |
| 260 |
_aLondon _bLongman _c1824 |
||
| 300 |
_axxxiii, 310 p. _bil., 1 lámina _c22 cm. |
||
| 500 | _aB130 | ||
| 650 | 1 | 4 |
_aViajeros alemanes. _97026 |
| 650 | 1 | 4 |
_aMinas y recursos minerales. _97027 |
| 651 | 4 |
_aMéxico _xDescripción y viajes. _9103 |
|
| 651 | 4 |
_aMéxico _xEstadística. _9209 |
|
| 700 | 1 |
_aTaylor, John. _99160 |
|
| 902 | _aGFM | ||
| 942 |
_2lcc _cB |
||
| 999 |
_c3261 _d3261 |
||